[Event "27. Torneo San Viator 2016"]
[Site "Madrid ESP"]
[Date "2016.10.12"]
[Round "4.3"]
[White "Lopez Nunez, Roberto"]
[Black "Del Noval Nemeshazi, Nesztor"]
[Result "1-0"]
[WhiteElo "1775"]
[BlackElo "1932"]
[PlyCount "45"]
[EventDate "2016.09.25"]
[EventType "swiss"]
[EventRounds "9"]
[EventCountry "ESP"]
[Source "lmi"]
[SourceDate "2016.09.25"]

1. e4 c5 2. Nc3 d6 3. g3 g6 4. Bg2 Bg7 5. f4 Nc6 6. Nf3 e6 7. O-O Nge7 8. d3
O-O 9. Qe2 Nd4 10. Qf2 Nec6 11. Nd1 f5 12. c3 Nxf3+ 13. Bxf3 Qc7 14. Ne3 Ne7
15. Re1 fxe4 16. dxe4 e5 17. fxe5 dxe5 18. Qe2 b5 19. a4 bxa4 20. Bg4 Bb7 21.
Rxa4 Bc6 22. Ra1 Bxe4 23. Qc4+ 1-0

[Event "27. Torneo San Viator 2016"]
[Site "Madrid ESP"]
[Date "2016.10.12"]
[Round "4.4"]
[White "Aguilera Lopez, Alejandro"]
[Black "Gil Sierra, Jacinto"]
[Result "1-0"]
[WhiteElo "2113"]
[BlackElo "1976"]
[PlyCount "37"]
[EventDate "2016.09.25"]
[EventType "swiss"]
[EventRounds "9"]
[EventCountry "ESP"]
[Source "lmi"]
[SourceDate "2016.09.25"]

1. d4 e6 2. Nf3 f5 3. c4 Nf6 4. Nc3 Bb4 5. Bd2 O-O 6. g3 b6 7. Bg2 Bb7 8. O-O
Bxc3 9. Bxc3 d6 10. Re1 Qe7 11. Nd2 Bxg2 12. Kxg2 Nbd7 13. e4 f4 14. e5 dxe5
15. dxe5 Ne8 16. Qg4 Rf5 17. Nf3 g6 18. Nd4 Rxe5 19. Nc6 1-0

[Event "27. Torneo San Viator 2016"]
[Site "Madrid ESP"]
[Date "2016.10.12"]
[Round "4.5"]
[White "Angelina Vela, Carlos"]
[Black "Rodriguez Bittar, Karim Javier"]
[Result "1/2-1/2"]
[WhiteElo "2085"]
[BlackElo "1936"]
[PlyCount "63"]
[EventDate "2016.09.25"]
[EventType "swiss"]
[EventRounds "9"]
[EventCountry "ESP"]
[Source "lmi"]
[SourceDate "2016.09.25"]

1. d4 Nf6 2. c4 e5 3. dxe5 Ng4 4. Bf4 Bb4+ 5. Nd2 Nc6 6. Ngf3 Qe7 7. e3 Ngxe5
8. Nxe5 Nxe5 9. a3 Bxd2+ 10. Qxd2 d6 11. Be2 O-O 12. O-O Be6 13. Qb4 Ng6 14.
Bg3 a5 15. Qd2 a4 16. Rac1 Rfd8 17. e4 f6 18. Rfe1 b6 19. f4 Bf7 20. Bg4 Nf8
21. Qc3 Ra5 22. e5 fxe5 23. fxe5 dxe5 24. Rxe5 Rxe5 25. Qxe5 Qxe5 26. Bxe5 Rd2
27. Bf3 Nd7 28. Bc3 Rd6 29. Rd1 Bxc4 30. Re1 Re6 31. Rd1 Rd6 32. Re1 1/2-1/2

[Event "27. Torneo San Viator 2016"]
[Site "Madrid ESP"]
[Date "2016.10.12"]
[Round "4.7"]
[White "Cabanas Bravo, Juan Andres"]
[Black "Padin Lazaro, Jose Manuel"]
[Result "1-0"]
[WhiteElo "2007"]
[BlackElo "1913"]
[PlyCount "55"]
[EventDate "2016.09.25"]
[EventType "swiss"]
[EventRounds "9"]
[EventCountry "ESP"]
[Source "lmi"]
[SourceDate "2016.09.25"]

1. e4 e6 2. d4 d5 3. Nd2 Nf6 4. e5 Nfd7 5. Bd3 c5 6. c3 Nc6 7. Ne2 cxd4 8. cxd4
f6 9. Nf4 Nxd4 10. Qh5+ Ke7 11. Ng6+ hxg6 12. exf6+ Nxf6 13. Qxh8 Kf7 14. O-O
e5 15. Nb3 Nc6 16. Be3 Bf5 17. Rad1 Bxd3 18. Rxd3 Nb4 19. Rdd1 Rc8 20. a3 Nc6
21. Qh3 d4 22. f4 d3 23. fxe5 Nxe5 24. Bd4 Nc6 25. Bxf6 gxf6 26. Rxd3 Qb6+ 27.
Kh1 Ne7 28. Rd7 1-0

[Event "27. Torneo San Viator 2016"]
[Site "Madrid ESP"]
[Date "2016.10.12"]
[Round "4.8"]
[White "Gonzalez-Ruano Perez, Cesar"]
[Black "Bustos Bernardo, Samuel"]
[Result "0-1"]
[WhiteElo "1937"]
[BlackElo "1991"]
[PlyCount "64"]
[EventDate "2016.09.25"]
[EventType "swiss"]
[EventRounds "9"]
[EventCountry "ESP"]
[Source "lmi"]
[SourceDate "2016.09.25"]

1. e4 c5 2. Nf3 d6 3. Bd3 Nc6 4. c3 Bg4 5. h3 Bh5 6. Bc2 Nf6 7. d3 e6 8. O-O
Be7 9. Re1 O-O 10. Nbd2 b5 11. Nf1 b4 12. Ng3 Bxf3 13. Qxf3 bxc3 14. bxc3 Qa5
15. Bd2 Rab8 16. Red1 Qa6 17. Bc1 Nd7 18. d4 cxd4 19. cxd4 Bf6 20. e5 dxe5 21.
Qe4 g6 22. Bh6 Rfd8 23. Nh5 Bh8 24. d5 Nd4 25. dxe6 Qxe6 26. Rxd4 exd4 27. Qf3
Ne5 28. Qg3 d3 29. Bb3 Rxb3 30. axb3 Nf3+ 31. gxf3 Bxa1 32. Qh4 Re8 0-1

[Event "27. Torneo San Viator 2016"]
[Site "Madrid ESP"]
[Date "2016.10.12"]
[Round "4.9"]
[White "Luque Ibanez, Manuel"]
[Black "Llases Gonzalez, Luis"]
[Result "1/2-1/2"]
[WhiteElo "1989"]
[BlackElo "1734"]
[PlyCount "126"]
[EventDate "2016.09.25"]
[EventType "swiss"]
[EventRounds "9"]
[EventCountry "ESP"]
[Source "lmi"]
[SourceDate "2016.09.25"]

1. e4 e5 2. Nf3 Nf6 3. Nxe5 d6 4. Nf3 Nxe4 5. d4 d5 6. Bd3 Nc6 7. c3 Bd6 8.
Nbd2 O-O 9. O-O Bf5 10. Qc2 Nxd2 11. Bxd2 Bxd3 12. Qxd3 Qd7 13. Ng5 g6 14. f4
f6 15. Nh3 Rfe8 16. f5 g5 17. Qf3 h6 18. Qxd5+ Kg7 19. Qf3 Na5 20. Qh5 Qf7 21.
Qxf7+ Kxf7 22. Rae1 c5 23. Nf2 cxd4 24. cxd4 Nc4 25. Bc1 Bb4 26. Rxe8 Rxe8 27.
Nd3 Ba5 28. b4 Bb6 29. Nc5 Re2 30. Rf2 Re1+ 31. Rf1 Re2 32. a4 Nd6 33. Nb3 Re4
34. Bb2 Nc4 35. Bc3 Re3 36. Rf3 Rxf3 37. gxf3 Nd6 38. Nc5 Nxf5 39. a5 Bxc5 40.
dxc5 Ne3 41. b5 Nd5 42. Bd4 Nc7 43. a6 bxa6 44. b6 axb6 45. cxb6 Ne6 46. b7
Nxd4 47. b8=Q Nxf3+ 48. Kf2 Ne5 49. Qb7+ Kg6 50. Qxa6 g4 51. Qe6 Kg5 52. Kg3 h5
53. Qg8+ Ng6 54. Qd5+ Ne5 55. Qd2+ Kg6 56. Kf4 h4 57. Qc2+ Kf7 58. Qh7+ Ke6 59.
Qg8+ Ke7 60. Qh7+ Ke6 61. Qxh4 Ng6+ 62. Kxg4 Nxh4 63. Kxh4 Kf5 1/2-1/2

[Event "27. Torneo San Viator 2016"]
[Site "Madrid ESP"]
[Date "2016.10.12"]
[Round "4.10"]
[White "Luna Hermoso, Angel"]
[Black "Martinez Sanz, Ignacio"]
[Result "1/2-1/2"]
[WhiteElo "1976"]
[BlackElo "1705"]
[PlyCount "119"]
[EventDate "2016.09.25"]
[EventType "swiss"]
[EventRounds "9"]
[EventCountry "ESP"]
[Source "lmi"]
[SourceDate "2016.09.25"]

1. e4 c6 2. b3 d5 3. exd5 cxd5 4. Bb2 Nc6 5. d4 Nf6 6. Nf3 Bg4 7. Be2 e6 8. O-O
Bd6 9. Nbd2 O-O 10. Ne5 Bf5 11. Ndf3 Rc8 12. c4 dxc4 13. bxc4 Qb6 14. Qb3 Qc7
15. Rfd1 Bxe5 16. Nxe5 Nxe5 17. dxe5 Ne4 18. Rac1 Rfd8 19. Qe3 b6 20. Bd3 Qc6
21. f3 Qc5 22. Qxc5 Nxc5 23. Bf1 Kf8 24. Ba3 Ke8 25. g4 Bg6 26. h4 h5 27. gxh5
Bxh5 28. Kf2 Rxd1 29. Rxd1 Rd8 30. Rxd8+ Kxd8 31. Bxc5 bxc5 32. Bd3 Kc7 33. Ke3
Kd7 34. Be4 Kc7 35. Kf4 f6 36. Bd3 Kd7 37. Be4 a6 38. Bb7 a5 39. exf6 gxf6 40.
Ke4 Kd6 41. f4 Bg6+ 42. Ke3 e5 43. Bf3 f5 44. h5 Bh7 45. Bd5 e4 46. Bf7 Ke7 47.
Bd5 Kf6 48. h6 Kg6 49. Bxe4 Kxh6 50. Bd5 Kh5 51. Kf3 Kh4 52. Bf7 Kh3 53. Bd5
Kh4 54. a3 Bg6 55. Be6 Kh3 56. Kf2 Kg4 57. Ke3 Be8 58. Bd5 Ba4 59. Bf3+ Kg3 60.
Bd5 1/2-1/2

[Event "27. Torneo San Viator 2016"]
[Site "Madrid ESP"]
[Date "2016.10.12"]
[Round "4.11"]
[White "Guillo Longares, Cecilia"]
[Black "Quintero Torres, Pedro"]
[Result "1-0"]
[WhiteElo "1705"]
[BlackElo "1958"]
[PlyCount "115"]
[EventDate "2016.09.25"]
[EventType "swiss"]
[EventRounds "9"]
[EventCountry "ESP"]
[Source "lmi"]
[SourceDate "2016.09.25"]

1. d4 Nf6 2. c4 e6 3. Nc3 Bb4 4. Qc2 O-O 5. Nf3 c5 6. dxc5 Na6 7. a3 Bxc3+ 8.
Qxc3 Nxc5 9. e3 a5 10. b4 Nce4 11. Qd4 axb4 12. Bd3 d5 13. axb4 Rxa1 14. Qxa1
dxc4 15. Bxc4 Qc7 16. Bd3 Rd8 17. Nd4 e5 18. Nb5 Qc6 19. Be2 Nd6 20. Nxd6 Qxg2
21. Rf1 Rxd6 22. Qxe5 Qc6 23. Bb2 Re6 24. Qd4 Re4 25. Qd8+ Re8 26. Qd4 Bf5 27.
Rg1 Bg6 28. h4 Re4 29. Qd8+ Re8 30. Qd4 Re4 31. Qd8+ Qe8 32. Bxf6 Qxd8 33. Bxd8
Rxb4 34. Rg4 Rb1+ 35. Bd1 Rxd1+ 36. Kxd1 Bh5 37. f3 Bxg4 38. fxg4 f6 39. Kd2
Kf7 40. Kd3 Ke6 41. Kd4 g6 42. Ke4 h6 43. Kf4 b5 44. Ba5 Kd5 45. Bc3 Ke6 46.
Ke4 Kf7 47. Kd5 h5 48. gxh5 gxh5 49. e4 Kg6 50. Ke6 Kh6 51. Kxf6 Kh7 52. Kf7
Kh6 53. e5 Kh7 54. e6 Kh6 55. e7 Kh7 56. e8=Q b4 57. Qg8+ Kh6 58. Bg7# 1-0

[Event "27. Torneo San Viator 2016"]
[Site "Madrid ESP"]
[Date "2016.10.12"]
[Round "4.12"]
[White "Zhou, Lulu"]
[Black "Garcia Martin, Esteban"]
[Result "1/2-1/2"]
[WhiteElo "1746"]
[BlackElo "1881"]
[PlyCount "50"]
[EventDate "2016.09.25"]
[EventType "swiss"]
[EventRounds "9"]
[EventCountry "ESP"]
[Source "lmi"]
[SourceDate "2016.09.25"]

1. e4 c5 2. Nf3 d6 3. d4 cxd4 4. Nxd4 Nf6 5. Nc3 g6 6. Be2 Bg7 7. Be3 Nc6 8. f3
Bd7 9. O-O O-O 10. Qd2 Rc8 11. Rac1 Ne5 12. b3 a6 13. Nd5 b5 14. Rfd1 Nxd5 15.
exd5 Qc7 16. Bh6 Nd3 17. Bxd3 Bxd4+ 18. Kh1 Bc3 19. Qf2 Rfe8 20. Bd2 Bf6 21. c4
bxc4 22. Bxc4 Qb7 23. Be3 Bb5 24. Bxb5 Qxb5 25. Qd2 h5 1/2-1/2

[Event "27. Torneo San Viator 2016"]
[Site "Madrid ESP"]
[Date "2016.10.12"]
[Round "4.13"]
[White "Rodriguez Romero, Martin"]
[Black "Soderstrom, Henrik"]
[Result "1-0"]
[WhiteElo "1666"]
[BlackElo "1802"]
[PlyCount "101"]
[EventDate "2016.09.25"]
[EventType "swiss"]
[EventRounds "9"]
[EventCountry "ESP"]
[Source "lmi"]
[SourceDate "2016.09.25"]

1. e4 Nc6 2. Nf3 f5 3. e5 d6 4. exd6 cxd6 5. Nc3 e5 6. d4 e4 7. Ng5 Nf6 8. d5
Ne5 9. Bb5+ Ke7 10. Bf4 Ng6 11. Be3 f4 12. Bd4 Ne5 13. Bxe5 dxe5 14. d6+ Qxd6
15. Qxd6+ Kxd6 16. Nf7+ Ke7 17. Nxh8 g6 18. Bc4 Be6 19. Bxe6 Kxe6 20. O-O-O Bc5
21. Nxg6 hxg6 22. Rhf1 g5 23. h3 a6 24. Kb1 e3 25. fxe3 Bxe3 26. a3 Rc8 27.
Rfe1 Bc5 28. Ne4 Nxe4 29. Rxe4 Kf5 30. Rc4 b5 31. Rc3 Rc7 32. Rd5 Bb6 33. Rxc7
Bxc7 34. Rd7 Bb8 35. Kc1 e4 36. Kd2 f3 37. gxf3 exf3 38. Ke3 g4 39. hxg4+ Kxg4
40. Rg7+ Kf5 41. Kxf3 Ke5 42. Ke3 Kd5 43. Kd3 Kc6 44. Rg6+ Bd6 45. c4 bxc4+ 46.
Kxc4 a5 47. a4 Kc7 48. b3 Bb4 49. Kb5 Bd2 50. Ra6 Kb7 51. Rxa5 1-0

[Event "27. Torneo San Viator 2016"]
[Site "Madrid ESP"]
[Date "2016.10.12"]
[Round "4.14"]
[White "Rosa Ramirez, Victor D"]
[Black "Gil Calvente, Jose Antonio"]
[Result "1-0"]
[WhiteElo "1903"]
[BlackElo "1721"]
[PlyCount "45"]
[EventDate "2016.09.25"]
[EventType "swiss"]
[EventRounds "9"]
[EventCountry "ESP"]
[Source "lmi"]
[SourceDate "2016.09.25"]

1. e4 e6 2. d4 d5 3. e5 c5 4. c3 Qb6 5. Nf3 Nc6 6. a3 c4 7. Be2 Na5 8. Nbd2 Bd7
9. Rb1 Nb3 10. Nxb3 Ba4 11. Nfd2 Ne7 12. O-O Nc6 13. Qe1 Bxb3 14. Nxb3 cxb3 15.
Be3 Na5 16. Kh1 Be7 17. f4 f5 18. exf6 gxf6 19. f5 O-O-O 20. Bf4 exf5 21. Bd3
Nc4 22. Bxf5+ Rd7 23. Qxe7 1-0

[Event "27. Torneo San Viator 2016"]
[Site "Madrid ESP"]
[Date "2016.10.12"]
[Round "4.15"]
[White "Rodriguez Valero, Martin"]
[Black "Garcia Sanjuan, Jose"]
[Result "0-1"]
[WhiteElo "1808"]
[BlackElo "1880"]
[PlyCount "82"]
[EventDate "2016.09.25"]
[EventType "swiss"]
[EventRounds "9"]
[EventCountry "ESP"]
[Source "lmi"]
[SourceDate "2016.09.25"]

1. e4 g6 2. d4 Bg7 3. Nf3 b6 4. Bd3 Nc6 5. c3 Bb7 6. O-O h6 7. Re1 g5 8. Nbd2
e6 9. Nf1 g4 10. N3d2 h5 11. Nc4 b5 12. Na3 a6 13. Nc2 Qe7 14. b3 O-O-O 15. a4
b4 16. Nxb4 Nxb4 17. Ba3 a5 18. e5 Qh4 19. cxb4 axb4 20. Bb2 Ne7 21. Ng3 Nd5
22. Be4 f5 23. exf6 Qxf6 24. a5 h4 25. Nf1 g3 26. fxg3 hxg3 27. Qf3 Qxf3 28.
Bxf3 gxh2+ 29. Kh1 Ba6 30. Bxd5 exd5 31. Ne3 c6 32. Nf5 Bf8 33. Bc1 Kb7 34. Bf4
Bd3 35. Nd6+ Bxd6 36. Bxd6 Ka6 37. Re3 Be4 38. Bxh2 Rh5 39. Kg1 Rdh8 40. Be5
Rh1+ 41. Kf2 Rf8+ 0-1

[Event "27. Torneo San Viator 2016"]
[Site "Madrid ESP"]
[Date "2016.10.12"]
[Round "4.16"]
[White "Perez Vazquez, Manuel"]
[Black "Campos Diaz, Fernando"]
[Result "1-0"]
[WhiteElo "1861"]
[BlackElo "1663"]
[PlyCount "75"]
[EventDate "2016.09.25"]
[EventType "swiss"]
[EventRounds "9"]
[EventCountry "ESP"]
[Source "lmi"]
[SourceDate "2016.09.25"]

1. d4 Nf6 2. c4 g6 3. Nc3 Bg7 4. e4 d6 5. f3 O-O 6. Be3 c5 7. Nge2 Nc6 8. d5
Ne5 9. Ng3 e6 10. Be2 exd5 11. cxd5 Bd7 12. O-O a6 13. a4 c4 14. a5 Rc8 15. Nh1
Bb5 16. Nf2 Nfd7 17. f4 Nd3 18. Bxd3 Bxc3 19. bxc3 cxd3 20. Qd2 Re8 21. Rfe1
Nc5 22. Bxc5 Rxc5 23. Nxd3 Bxd3 24. Qxd3 Qc7 25. Re3 Rc8 26. Rc1 Qxa5 27. h4 h5
28. f5 Qa3 29. Rc2 Kh7 30. fxg6+ fxg6 31. e5 dxe5 32. Rxe5 Rxc3 33. Rxh5+ Kg7
34. Qd4+ Kg8 35. Rh8+ Kf7 36. Rf2+ Ke7 37. Qe5+ Kd7 38. Rf7+ 1-0

[Event "27. Torneo San Viator 2016"]
[Site "Madrid ESP"]
[Date "2016.10.12"]
[Round "4.17"]
[White "Munoz Cebey, Ricardo"]
[Black "Barahona Torrijos, Angel"]
[Result "1/2-1/2"]
[WhiteElo "1758"]
[BlackElo "1848"]
[PlyCount "108"]
[EventDate "2016.09.25"]
[EventType "swiss"]
[EventRounds "9"]
[EventCountry "ESP"]
[Source "lmi"]
[SourceDate "2016.09.25"]

1. c4 e6 2. g3 d5 3. cxd5 exd5 4. Bg2 Nf6 5. Nf3 Nc6 6. O-O Bg4 7. h3 Be6 8. d4
Ne4 9. Nc3 Qd7 10. Nxe4 dxe4 11. Ng5 Qxd4 12. Nxe6 fxe6 13. Qb3 Qd5 14. Qxb7
Rd8 15. Qxc7 Be7 16. Qf4 Nd4 17. Qg4 Qf5 18. Qxe4 Qxe4 19. Bxe4 Nxe2+ 20. Kg2
Nxc1 21. Raxc1 O-O 22. Rc7 Bf6 23. Rc2 Rd4 24. f3 Rfd8 25. b3 h5 26. Bg6 h4 27.
Re1 hxg3 28. Rxe6 Bh4 29. Rce2 Rd2 30. b4 Kf8 31. a4 Rxe2+ 32. Rxe2 Be7 33. b5
Rd6 34. Be4 g6 35. Kxg3 a6 36. Bc6 axb5 37. axb5 Bd8 38. Kg4 Kf7 39. h4 Rd1 40.
Re4 Bc7 41. Kg5 Rg1+ 42. Rg4 Rc1 43. Kh6 Rc5 44. Rxg6 Bf4+ 45. Rg5 Kf6 46. Kh5
Bxg5 47. hxg5+ Rxg5+ 48. Kh4 Rc5 49. Kg4 Rc4+ 50. Kg3 Rb4 51. f4 Kf5 52. Bd7+
Kf6 53. Kg4 Rd4 54. Bc6 Rb4 1/2-1/2

[Event "27. Torneo San Viator 2016"]
[Site "Madrid ESP"]
[Date "2016.10.12"]
[Round "4.19"]
[White "Campos Tores, Jose Luis"]
[Black "Braziunaite, Rasa"]
[Result "1-0"]
[WhiteElo "1829"]
[BlackElo "1384"]
[PlyCount "103"]
[EventDate "2016.09.25"]
[EventType "swiss"]
[EventRounds "9"]
[EventCountry "ESP"]
[Source "lmi"]
[SourceDate "2016.09.25"]

1. e4 e5 2. d4 exd4 3. Qxd4 Nc6 4. Qe3 Nf6 5. Bd2 Be7 6. Nc3 O-O 7. Bc4 d6 8.
O-O-O Be6 9. Bxe6 fxe6 10. Qh3 e5 11. f3 Nd4 12. Nce2 c5 13. c3 Nxe2+ 14. Nxe2
b5 15. Qe6+ Kh8 16. Ng3 g6 17. h4 Nh5 18. Nxh5 gxh5 19. Be3 Rf6 20. Qd5 Rg6 21.
Rd2 Rb8 22. Bxc5 Rc8 23. Be3 b4 24. c4 a5 25. Kb1 Qd7 26. Qxe5+ dxe5 27. Rxd7
Bf6 28. b3 Rxg2 29. Rf7 Rc6 30. Rd1 Rg7 31. Rxg7 Kxg7 32. Bf2 Rc7 33. Rd5 a4
34. Kc2 axb3+ 35. Kxb3 Rb7 36. c5 Rc7 37. Kxb4 Rb7+ 38. Kc3 Rc7 39. Bg3 Re7 40.
a4 Kf7 41. Kc4 Re6 42. Kb5 Be7 43. c6 Bd6 44. Rxd6 Rxd6 45. c7 Rd1 46. c8=Q
Rb1+ 47. Ka5 Rd1 48. Qc7+ Ke6 49. Qxe5+ Kd7 50. f4 Kc6 51. f5 Rc1 52. Qc7# 1-0

[Event "27. Torneo San Viator 2016"]
[Site "Madrid ESP"]
[Date "2016.10.12"]
[Round "4.20"]
[White "Perez Gonzalez, Daniel"]
[Black "Blanco Diez, David"]
[Result "0-1"]
[WhiteElo "1786"]
[BlackElo "1845"]
[PlyCount "168"]
[EventDate "2016.09.25"]
[EventType "swiss"]
[EventRounds "9"]
[EventCountry "ESP"]
[Source "lmi"]
[SourceDate "2016.09.25"]

1. Nf3 Nf6 2. g3 d5 3. Bg2 c6 4. O-O Bf5 5. d3 Nbd7 6. Nbd2 e5 7. Nh4 Bg4 8. c4
Bd6 9. Re1 Nc5 10. Nf1 dxc4 11. dxc4 Qd7 12. Qc2 Ne6 13. Be3 Nd4 14. Bxd4 exd4
15. a3 O-O 16. e3 Bc5 17. b4 Bb6 18. c5 d3 19. Qd2 Bc7 20. Nf3 Ne4 21. Qb2 Rad8
22. N1d2 Qf5 23. Nxe4 Bxf3 24. Bxf3 Qxf3 25. Nd2 Qd5 26. Rad1 Be5 27. Qc1 b6
28. cxb6 axb6 29. Nc4 Bc7 30. Rd2 c5 31. bxc5 Qxc5 32. Red1 Bb8 33. Rxd3 Rxd3
34. Rxd3 b5 35. Rc3 bxc4 36. Rxc4 Qa5 37. Rc5 Qa7 38. Rc4 Be5 39. a4 g6 40. Qc2
Ra8 41. Rc8+ Rxc8 42. Qxc8+ Kg7 43. Qc4 Qa5 44. Kf1 Bc3 45. f3 Qe5 46. Ke2 Ba5
47. Qd4 Qxd4 48. exd4 Kf6 49. Kd3 Ke6 50. Kc4 Kd6 51. Kb5 Bc3 52. Kc4 Be1 53.
g4 g5 54. Kd3 Kd5 55. Ke3 Bc3 56. f4 Bxd4+ 57. Kf3 h6 58. Kg3 Be3 59. fxg5 hxg5
60. h4 gxh4+ 61. Kxh4 f6 62. Kh5 Kc4 63. Kg6 Bg5 64. Kf5 Kb4 65. a5 Kxa5 66.
Ke4 Kb5 67. Kd5 Bh4 68. Kd4 Kb4 69. Kd5 Kc3 70. Ke4 Kc4 71. Kf3 Kd3 72. Kg2 Ke3
73. Kh3 Bg5 74. Kg3 Ke4 75. Kg2 Kf4 76. Kh3 Kf3 77. Kh2 Kxg4 78. Kg2 f5 79. Kf2
f4 80. Kg2 f3+ 81. Kf2 Bh4+ 82. Kf1 f2 83. Ke2 Kg3 84. Kf1 Kh2 0-1

[Event "27. Torneo San Viator 2016"]
[Site "Madrid ESP"]
[Date "2016.10.12"]
[Round "4.21"]
[White "Jimenez Elices, Jose Maria"]
[Black "Camarero Izquierdo, Juan Carlo"]
[Result "0-1"]
[WhiteElo "1785"]
[BlackElo "1816"]
[PlyCount "32"]
[EventDate "2016.09.25"]
[EventType "swiss"]
[EventRounds "9"]
[EventCountry "ESP"]
[Source "lmi"]
[SourceDate "2016.09.25"]

1. e4 c5 2. Nf3 d6 3. d4 cxd4 4. Nxd4 Nf6 5. Nc3 a6 6. Bc4 e6 7. Bb3 Be7 8. Be3
O-O 9. O-O b5 10. f3 b4 11. Na4 Bd7 12. Ne2 Bxa4 13. Bxa4 Nbd7 14. c3 a5 15.
Bxd7 Qxd7 16. e5 Ne8 0-1

[Event "27. Torneo San Viator 2016"]
[Site "Madrid ESP"]
[Date "2016.10.16"]
[Round "5.1"]
[White "Quispe Arteaga, Gabriel"]
[Black "Lopez Nunez, Roberto"]
[Result "1-0"]
[WhiteElo "2270"]
[BlackElo "1775"]
[PlyCount "71"]
[EventDate "2016.09.25"]
[EventType "swiss"]
[EventRounds "9"]
[EventCountry "ESP"]
[Source "lmi"]
[SourceDate "2016.09.25"]

1. d4 Nf6 2. Nf3 d5 3. c4 e6 4. Nc3 Bb4 5. e3 Ne4 6. Qb3 c5 7. Be2 Qa5 8. Bd2
Nxd2 9. Nxd2 cxd4 10. exd4 Nc6 11. Nf3 dxc4 12. Bxc4 O-O 13. O-O Qh5 14. Ne4
Be7 15. Qe3 Nb4 16. Ng3 Qg6 17. Ne5 Qc2 18. Rfc1 Qa4 19. Qe4 Bd7 20. b3 Bc6 21.
bxa4 Bxe4 22. Nxe4 Rad8 23. Nf3 Rd7 24. Bb5 Rd5 25. a3 Na6 26. Bxa6 bxa6 27.
Rc7 Re8 28. Rb1 Bxa3 29. h4 Ra5 30. Rbb7 Bf8 31. Nc5 Rd8 32. Rxf7 Bxc5 33.
Rxg7+ Kf8 34. Rbf7+ Ke8 35. Ne5 Bf8 36. Rg8 1-0

[Event "27. Torneo San Viator 2016"]
[Site "Madrid ESP"]
[Date "2016.10.16"]
[Round "5.2"]
[White "Cabanas Bravo, Juan Andres"]
[Black "Nunez Miranda, Adrian"]
[Result "0-1"]
[WhiteElo "2007"]
[BlackElo "2143"]
[PlyCount "78"]
[EventDate "2016.09.25"]
[EventType "swiss"]
[EventRounds "9"]
[EventCountry "ESP"]
[Source "lmi"]
[SourceDate "2016.09.25"]

1. e4 c5 2. Nf3 Nf6 3. e5 Nd5 4. d4 cxd4 5. Qxd4 e6 6. Bc4 Nc6 7. Qe4 d6 8.
Bxd5 exd5 9. Qxd5 Be6 10. Qb5 dxe5 11. Nc3 Qc7 12. O-O a6 13. Qa4 Be7 14. Ng5
Bxg5 15. Bxg5 O-O 16. Ne2 f5 17. Qa3 Bc4 18. Rfe1 f4 19. f3 Bxe2 20. Rxe2 Nd4
21. Rd2 Qb6 22. Kh1 Rf5 23. Bh4 Rh5 24. Bf2 Qh6 25. Bg1 Nf5 26. Qb3+ Kh8 27. h3
e4 28. Rad1 Rf8 29. Qf7 g6 30. Qxb7 e3 31. Rd8 Ng3+ 32. Kh2 Nf1+ 33. Rxf1 Rxd8
34. Qxa6 Qg5 35. Kh1 Rd2 36. Qc8+ Kg7 37. Qg4 Qxg4 38. fxg4 Re5 39. Re1 Rxc2
0-1

[Event "27. Torneo San Viator 2016"]
[Site "Madrid ESP"]
[Date "2016.10.16"]
[Round "5.3"]
[White "Bustos Bernardo, Samuel"]
[Black "Aguilera Lopez, Alejandro"]
[Result "1-0"]
[WhiteElo "1991"]
[BlackElo "2113"]
[PlyCount "57"]
[EventDate "2016.09.25"]
[EventType "swiss"]
[EventRounds "9"]
[EventCountry "ESP"]
[Source "lmi"]
[SourceDate "2016.09.25"]

1. Nf3 d5 2. d4 Nf6 3. c4 e6 4. Nc3 Be7 5. Bg5 O-O 6. e3 b6 7. cxd5 exd5 8. Bd3
Bb7 9. O-O Nbd7 10. Rc1 c5 11. Qe2 Ne4 12. Bxe7 Qxe7 13. Rfd1 Rad8 14. Ba6 Ba8
15. dxc5 Nxc3 16. Rxc3 bxc5 17. Bd3 Rfe8 18. Bb5 Qd6 19. Qc2 d4 20. exd4 Bxf3
21. Rxf3 cxd4 22. Qa4 Nb6 23. Qxa7 Re7 24. Qa3 Qe5 25. Re3 Qxb5 26. Qxe7 Rf8
27. Rxd4 Nd5 28. Qe5 Rc8 29. h3 1-0

[Event "27. Torneo San Viator 2016"]
[Site "Madrid ESP"]
[Date "2016.10.16"]
[Round "5.4"]
[White "Unciti Juan, Javier"]
[Black "Morera Rodriguez, Ignacio"]
[Result "1/2-1/2"]
[WhiteElo "2110"]
[BlackElo "1942"]
[PlyCount "151"]
[EventDate "2016.09.25"]
[EventType "swiss"]
[EventRounds "9"]
[EventCountry "ESP"]
[Source "lmi"]
[SourceDate "2016.09.25"]

1. e4 c5 2. Nf3 d6 3. d4 cxd4 4. Nxd4 Nf6 5. Nc3 a6 6. h3 e5 7. Nde2 Be6 8. g4
h6 9. Bg2 Nc6 10. Be3 Rc8 11. a3 b5 12. O-O Be7 13. Nd5 Bxd5 14. exd5 Na5 15.
b3 Qc7 16. Rc1 Nb7 17. c4 bxc4 18. Rxc4 Qd7 19. Qc2 O-O 20. Rc1 Rxc4 21. Qxc4
Re8 22. Qxa6 Nc5 23. Qc4 e4 24. b4 Nd3 25. Rc3 Qa4 26. Qb3 Qxb3 27. Rxb3 Nxd5
28. Bxe4 Nxe3 29. Rxd3 Nc4 30. Bd5 Nb6 31. Bc6 Rc8 32. b5 d5 33. Nd4 Bc5 34.
Nf5 d4 35. Kf1 Nc4 36. a4 Nb2 37. Rxd4 Bxd4 38. Ne7+ Kf8 39. Nxc8 Nxa4 40. f3
Bc5 41. Ke2 Nb6 42. Nxb6 Bxb6 43. Kd3 Ke7 44. Ke4 Kd6 45. h4 Bf2 46. h5 Bb6 47.
Be8 Ke7 48. Bc6 Kd6 49. Bd5 f6 50. Bc4 Bf2 51. Bd3 Bb6 52. Kf5 Ke7 53. Kg6 Kf8
54. Bc4 Bc5 55. Bd5 Bb6 56. Kf5 Ke7 57. Ke4 Kd6 58. Bc6 Bc5 59. Kd3 Bb6 60. Kc4
Bf2 61. Be8 Be3 62. Bg6 Bf2 63. Be4 Be3 64. Bc6 Bf2 65. Kd3 Bb6 66. Ke4 Bf2 67.
Kf5 Ke7 68. Kg6 Kf8 69. f4 Be3 70. Kf5 Ke7 71. Ke4 Bb6 72. Kd5 Be3 73. f5 Bf2
74. Bb7 Kd7 75. Bc6+ Ke7 76. Bb7 1/2-1/2

[Event "27. Torneo San Viator 2016"]
[Site "Madrid ESP"]
[Date "2016.10.16"]
[Round "5.5"]
[White "Afana, Adham Jj"]
[Black "Sotoca Aguado, Jose"]
[Result "1/2-1/2"]
[WhiteElo "2095"]
[BlackElo "1900"]
[PlyCount "135"]
[EventDate "2016.09.25"]
[EventType "swiss"]
[EventRounds "9"]
[EventCountry "ESP"]
[Source "lmi"]
[SourceDate "2016.09.25"]

1. e4 e6 2. d3 d5 3. Nd2 Nf6 4. g3 Nc6 5. Bg2 Bc5 6. c3 dxe4 7. Nxe4 Nxe4 8.
Bxe4 f5 9. Bg2 O-O 10. d4 Bd6 11. f4 Ne7 12. Be3 Nd5 13. Bf2 g5 14. fxg5 Qxg5
15. Nh3 Qh6 16. O-O Bd7 17. Re1 f4 18. Qg4+ Qg7 19. Qxg7+ Kxg7 20. Bxd5 exd5
21. Nxf4 Bxf4 22. gxf4 c6 23. Bg3 Rae8 24. Re5 Rxe5 25. dxe5 Kg6 26. Kf2 Kf5
27. Ke3 c5 28. Rd1 Be6 29. Kf3 Rd8 30. Bf2 b6 31. a4 Rg8 32. a5 Rg4 33. Bg3 Rg7
34. axb6 axb6 35. Ra1 Rd7 36. Ra8 d4 37. Rf8+ Bf7 38. cxd4 cxd4 39. Ke2 Ke4 40.
Rb8 d3+ 41. Kd2 Rc7 42. Rd8 Rc2+ 43. Ke1 Ke3 44. Kf1 d2 45. Bf2+ Kxf4 46. e6
Bxe6 47. Rd4+ Ke5 48. Ke2 d1=Q+ 49. Kxd1 Rxf2 50. Rb4 Rxh2 51. Rxb6 h5 52. b4
Bd5 53. Rh6 Kd4 54. b5 Rb2 55. b6 Bf3+ 56. Kc1 Rb5 57. Kd2 Kc5 58. Ke3 Bg4 59.
Kf4 Rxb6 60. Rh8 Rf6+ 61. Kg5 Rf5+ 62. Kh4 Kd4 63. Rb8 Rc5 64. Rd8+ Ke4 65.
Re8+ Kf4 66. Rf8+ Rf5 67. Rg8 Kf3 68. Rxg4 1/2-1/2